Tramas y conversaciones sobre lo común /

Bibliographic Details
Other Authors: Sañudo Pazos, María Fernanda (Editor)
Format: Electronic eBook
Language:Spanish
Published: Bogotá, D. C. : Pontificia Universidad Javeriana, [2022]
Subjects:
Online Access:Digitalia Hispánica

MARC

LEADER 00000nam a2200000Ii 4500
001 DIGEPUJ0410
003 NyNyDIG
008 231002s2022 ck ob 000 0 spa d
006 m o d
007 cr |||||||||||
035 |a (OCoLC)1393306135 
040 |a DGITA  |b eng  |e rda  |e pn  |c DGITA 
020 |a 9789587817652  |q digital  
020 |z 9789587817645  |q impreso 
050 1 4 |a JZ5538 ebook 
245 0 0 |a Tramas y conversaciones sobre lo común /  |c María Fernanda Sañudo Pazos, editora académica. 
264 1 |a Bogotá, D. C. :  |b Pontificia Universidad Javeriana,  |c [2022] 
300 |a 1 online resource. 
336 |a text  |b txt  |2 rdacontent 
337 |a computer  |b c  |2 rdamedia 
338 |a online resource  |b cr  |2 rdacarrier 
347 |a text file  |2 rdaft 
347 |b EPUB 
504 |a Includes bibliographical references. 
588 0 |a Online resource; title from ePub title page (Digitalia, viewed October 2, 2023) 
650 0 |a Peace-building. 
650 0 |a Globalization  |x Social aspects. 
650 0 |a Armed conflict. 
650 0 |a Neoliberalism. 
700 1 |a Sañudo Pazos, María Fernanda,  |e editor. 
791 2 |a Digitalia (Firm),  |e distributor. 
793 0 |g Digitalia eBook Collection:  |a Pontificia Universidad Javeriana 
776 0 8 |i Print version:  |t Tramas y conversaciones sobre lo común.  |b Primera edición.  |d Bogotá, D. C. : Pontificia Universidad Javeriana, [2022]  |z 9789587817645 
856 4 0 |3 Digitalia Hispánica  |u https://www.digitaliapublishing.com/a/129547/ 
910 |a Premium collection: 2023